Países que empiezan por T - Estadísticas

Estadísticas generales
  • Esta prueba ha sido intentada 296 veces
  • La puntuación promedio es 9 de 12
Estadísticas de respuestas
Respuesta % Correcto
Turquía
92%
Turkmenistán
85%
Tanzania
82%
Tailandia
81%
Togo
79%
Túnez
76%
Trinidad y Tobago
74%
Tuvalu
74%
Tayikistán
73%
Tonga
73%
Taiwán
61%
Timor Oriental
57%
No se encontraron pruebas coincidentes
Distribución de puntuación
Porcentaje de gente con cada puntuación
Porcentaje por número respondido
Historial de tus puntuaciones
No has intentado esta prueba.